Fiesta patronal de los periodistas
Publicado:
San Jorge, núm. 73 (1r trimestre 1969), pàg 69 :
MARC
| LEADER | 00000nam a2200000Ia 4500 | ||
|---|---|---|---|
| 001 | |||
| 008 | 160829s9999 xx 000 0 cat d | ||
| 245 | |a Fiesta patronal de los periodistas | ||
| 260 | |a San Jorge, núm. 73 (1r trimestre 1969), pàg 69 | ||
| 600 | 0 | 0 | |a Francesc, |c de Sales, sant, |d 1567-1622 |9 54319 |
| 650 | |a Periodistes |9 40548 | ||
| 650 | 0 | |a Sants patrons |9 41538 | |
| 901 | |a Arxiu | ||
| 942 | |n 1 | ||
| 952 | |0 0 |1 0 |4 0 |7 1 |9 49677 |a Arxiu |b Arxiu |d 2016-12-01 |l 0 |r 2016-12-01 00:00:00 |w 2016-12-01 |y ARXIU | ||
| 999 | |c 53519 |d 53519 | ||